Leasing - moderní metoda financování /

Salvato in:
Dettagli Bibliografici
Autore principale: Válek, Vratislav (Autore)
Natura: Libro
Lingua:ceco
Pubblicazione: Praha : Management Press, Profit, a.s, 1992
Tags: Aggiungi Tag
Nessun Tag, puoi essere il primo ad aggiungerne!!

MARC

LEADER 00000nam a22000003a 4500
001 stu21001
005 20150617225700.7
008 930122s1992----cs------------------cze-d
020 |a 80-85603-21-7 
040 |a STU  |b slo 
041 0 |a cze 
044 |a cs 
080 |a 336.645 
100 1 |a Válek, Vratislav  |4 aut 
245 1 |a Leasing - moderní metoda financování /  |c [aut.]Válek,Vratislav 
260 |a Praha :  |b Management Press, Profit, a.s,  |c 1992 
300 |a 109 s :  |b Tab.,lit 
996 |b C90803  |c C*90803  |l CCXIV  |s P  |a 0  |w stu21001_0001 
996 |b C90804  |c C*90804  |l CCXIV  |s P  |a 0  |w stu21001_0002 
996 |b C91920  |c C*91920  |l CCXIV  |s P  |a 0  |w stu21001_0003